[Event "DSOL 03 Liga Gr-D 1st"]
[Site "Playchess.com INT"]
[Date "2020.08.10"]
[Round "2.1"]
[White "Haase, Wolfgang"]
[Black "Baeumer, Frank"]
[Result "0-1"]
[WhiteElo "1896"]
[BlackElo "1947"]
[PlyCount "110"]
[EventDate "2020.06.22"]
[EventType "team-tourn (rapid)"]
[EventCountry "GER"]
[SourceTitle "EXT 2021"]
[Source "ChessBase"]
[SourceDate "2020.10.23"]
[SourceVersion "1"]
[SourceVersionDate "2020.10.23"]
[SourceQuality "1"]
[WhiteTeam "Kassel Caissa"]
[BlackTeam "Gusenburg Gambit"]
[WhiteTeamCountry "GER"]
[BlackTeamCountry "GER"]

1. e4 e5 2. Nf3 Nc6 3. Bb5 a6 4. Bxc6 dxc6 5. 0-0 Bd6 6. d4 exd4 7. Qxd4 f6 8. Be3 Ne7 9. Nbd2 Be6 10. Qc3 Qd7 11. Rfd1 Ng6 12. Nc4 Bxc4 13. Qxc4 0-0-0 14. Nd4 Ne5 15. Qe6 Ng4 16. Qxd7+ Rxd7 17. Nf5 Bxh2+ 18. Kf1 g6 19. Rxd7 Kxd7 20. Rd1+ Bd6 21. Nxd6 Nxe3+ 22. fxe3 cxd6 23. Ke2 Ke6 24. Kf3 h5 25. g3 Ke5 26. Rh1 g5 27. Rd1 h4 28. Rh1 g4+ 29. Kxg4 Rg8+ 30. Kf3 Rxg3+ 31. Kf2 Rg4 32. Kf3 Rxe4 33. Rh2 f5 34. b3 b5 35. c3 d5 36. a3 c5 37. Rh1 d4 38. cxd4+ cxd4 39. exd4+ Rxd4 40. Re1+ Re4 41. Rd1 f4 42. Kg4 h3 43. a4 bxa4 44. bxa4 h2 45. Kh3 Rd4 46. Rf1 Rxa4 47. Kxh2 Ra2+ 48. Kg1 a5 49. Re1+ Kf5 50. Kf1 a4 51. Re8 Kg4 52. Rc8 a3 53. Rc7 Rb2 54. Rc3 a2 55. Ra3 Rb1+ 0-1

[Event "DSOL 03 Liga Gr-D 1st"]
[Site "Playchess.com INT"]
[Date "2020.08.06"]
[Round "7.2"]
[White "Hoehmann, Wilfried"]
[Black "Haase, Wolfgang"]
[Result "1/2-1/2"]
[WhiteElo "1800"]
[BlackElo "1896"]
[PlyCount "63"]
[EventDate "2020.06.22"]
[EventType "team-tourn (rapid)"]
[EventCountry "GER"]
[SourceTitle "EXT 2021"]
[Source "ChessBase"]
[SourceDate "2020.10.23"]
[SourceVersion "1"]
[SourceVersionDate "2020.10.23"]
[SourceQuality "1"]
[WhiteTeam "Vellmar"]
[BlackTeam "Kassel Caissa"]
[WhiteTeamCountry "GER"]
[BlackTeamCountry "GER"]

1. c4 e5 2. Nc3 Nf6 3. Nf3 Nc6 4. g3 Bc5 5. Bg2 d6 6. 0-0 0-0 7. a3 a5 8. d3 h6 9. Rb1 Be6 10. h3 Re8 11. Na4 Ba7 12. b4 axb4 13. axb4 Qd7 14. Kh2 Ne7 15. b5 Nc8 16. Nc3 Bb6 17. Nd2 c6 18. Na4 Bd8 19. Nc3 d5 20. e3 Ba5 21. Qc2 Nd6 22. bxc6 bxc6 23. c5 Nf5 24. Ne2 Reb8 25. Bb2 Bc7 26. Bc3 d4 27. exd4 exd4 28. Ba1 h5 29. Rxb8+ Rxb8 30. Qa4 h4 31. Qxc6 hxg3+ 32. fxg3 1/2-1/2

[Event "GER-ch Seniors 65 31st"]
[Site "Radebeul"]
[Date "2019.05.03"]
[Round "8"]
[White "Haase, Wolfgang"]
[Black "Krotofil, Kurt"]
[Result "0-1"]
[WhiteElo "2013"]
[BlackElo "1840"]
[PlyCount "84"]
[EventDate "2019.04.26"]
[EventType "swiss"]
[EventRounds "9"]
[EventCountry "GER"]
[SourceTitle "CBM 190 Extra"]
[Source "ChessBase"]
[SourceDate "2019.07.15"]
[SourceVersion "1"]
[SourceVersionDate "2019.07.15"]
[SourceQuality "1"]

1. e4 c5 2. d4 cxd4 3. c3 dxc3 4. Nxc3 Nc6 5. Nf3 g6 6. Bc4 Bg7 7. Bf4 Nf6 8. Qd2 Qa5 9. 0-0 d6 10. Rfe1 Bg4 11. e5 dxe5 12. Nxe5 Nxe5 13. Rxe5 Qb4 14. Bb5+ Nd7 15. Rxe7+ Kxe7 16. Qd6+ Kd8 17. Re1 Be6 18. Bxd7 Qb6 19. Rxe6 Qxd6 20. Rxd6 Bxc3 21. bxc3 Ke7 22. Rd4 Rhd8 23. Bb5 Rxd4 24. cxd4 Ke6 25. Bc4+ Kf5 26. Be3 f6 27. f3 g5 28. Bd3+ Ke6 29. Bxh7 Rc8 30. Be4 Rc3 31. Kf2 b6 32. a4 Rc4 33. a5 bxa5 34. d5+ Kd6 35. Bxa7 a4 36. Bb8+ Ke7 37. d6+ Ke6 38. Bb1 Rb4 39. Ba2+ Kd7 40. Ke3 Rxb8 41. g4 Rb2 42. Bc4 a3 0-1

[Event "GER-ch Seniors 65 31st"]
[Site "Radebeul"]
[Date "2019.04.28"]
[Round "3"]
[White "Pruefer, Friedbert"]
[Black "Haase, Wolfgang"]
[Result "1-0"]
[WhiteElo "2196"]
[BlackElo "2013"]
[PlyCount "105"]
[EventDate "2019.04.26"]
[EventType "swiss"]
[EventRounds "9"]
[EventCountry "GER"]
[SourceTitle "CBM 190 Extra"]
[Source "ChessBase"]
[SourceDate "2019.07.15"]
[SourceVersion "1"]
[SourceVersionDate "2019.07.15"]
[SourceQuality "1"]

1. d4 e6 2. c4 d5 3. Nc3 Nf6 4. cxd5 exd5 5. Bg5 Be7 6. e3 0-0 7. Qc2 Nbd7 8. Bd3 Re8 9. Nge2 Nf8 10. 0-0 c6 11. f3 Nh5 12. Bxe7 Qxe7 13. e4 Be6 14. e5 g6 15. Kh1 Ng7 16. Ng3 h5 17. Qf2 h4 18. Nge2 Bf5 19. Bxf5 Nxf5 20. g4 hxg3 21. hxg3 Ne6 22. g4 Qh4+ 23. Qxh4 Nxh4 24. f4 f6 25. Kh2 fxe5 26. dxe5 Ng7 27. Ng1 g5 28. Nh3 gxf4 29. Nxf4 Ne6 30. Nh5 Re7 31. Nf6+ Kg7 32. Kg3 Ng6 33. Rae1 Rf8 34. Nh5+ Kh6 35. Rf6 Ng7 36. Ref1 Ree8 37. Rh1 Nxh5+ 38. gxh5 Rxf6 39. hxg6+ Kxg6 40. exf6 Kxf6 41. Kf4 Re7 42. Rh6+ Kg7 43. Rd6 Rf7+ 44. Ke5 Re7+ 45. Re6 Rd7 46. Na4 Kf8 47. Nc5 Rd8 48. Rd6 Re8+ 49. Kf6 Kg8 50. Ne6 Rb8 51. Rd7 a5 52. Rg7+ Kh8 53. Ng5 1-0

[Event "GER-ch Seniors 65"]
[Site "Hamburg"]
[Date "2018.07.26"]
[Round "6"]
[White "Haase, Wolfgang"]
[Black "Biermann Ratjen, Mathias"]
[Result "1-0"]
[WhiteElo "2028"]
[BlackElo "1878"]
[PlyCount "85"]
[EventDate "2018.07.21"]
[EventType "swiss"]
[EventRounds "9"]
[EventCountry "GER"]
[SourceTitle "CBM 186 Extra"]
[Source "ChessBase"]
[SourceDate "2018.08.24"]
[SourceVersion "1"]
[SourceVersionDate "2018.08.24"]
[SourceQuality "1"]

1. c4 e5 2. Nc3 Nc6 3. e4 g6 4. g3 Bg7 5. Bg2 d6 6. Nge2 Nge7 7. 0-0 0-0 8. d3 f5 9. Bg5 h6 10. Be3 Nd4 11. f4 Nec6 12. Qd2 Kh7 13. Kh1 Be6 14. Rab1 fxe4 15. Nxe4 Nxe2 16. Qxe2 Nd4 17. Bxd4 exd4 18. Ng5+ hxg5 19. Qxe6 gxf4 20. Bxb7 Rb8 21. Be4 Rf6 22. Qh3+ Bh6 23. gxf4 Kg7 24. f5 Qd7 25. Qg2 g5 26. h4 Rh8 27. Kg1 Kf8 28. Bc6 Qg7 29. Rbe1 gxh4 30. Re8+ Kf7 31. Rxh8 Be3+ 32. Kh1 Qxh8 33. Bd5+ Kf8 34. Be6 h3 35. Qb7 Kg7 36. Qxc7+ Kh6 37. Rf3 Kg5 38. Qxd6 Qh5 39. Qg3+ Kh6 40. Qxh3 Qxh3+ 41. Rxh3+ Kg5 42. Kg2 Rf8 43. Kf3 1-0

[Event "GER-ch Seniors 65+ 30th"]
[Site "Hamburg"]
[Date "2018.07.24"]
[Round "4"]
[White "Haase, Wolfgang"]
[Black "Fischer, Paul"]
[Result "1-0"]
[WhiteElo "2028"]
[BlackElo "1849"]
[PlyCount "47"]
[EventDate "2018.07.21"]
[EventType "swiss"]
[EventRounds "9"]
[EventCountry "GER"]
[SourceTitle "EXT 2020"]
[Source "ChessBase"]
[SourceDate "2019.10.17"]
[SourceVersion "1"]
[SourceVersionDate "2019.10.17"]
[SourceQuality "1"]

1. e4 d6 2. d4 g6 3. Nc3 Bg7 4. Be3 Nd7 5. f4 e5 6. Nf3 exf4 7. Bxf4 Ngf6 8. Bd3 0-0 9. Qd2 Nb6 10. 0-0-0 Nh5 11. Bg5 f6 12. Be3 Qe8 13. h3 Ng3 14. Rhe1 f5 15. e5 dxe5 16. Nxe5 Nh5 17. Bh6 f4 18. Bxg7 Kxg7 19. Nxg6 Qxe1 20. Rxe1 hxg6 21. Re7+ Kh6 22. g4 Ng7 23. Qe1 g5 24. Qe4 1-0

[Event "GER-ch Seniors 65"]
[Site "Hamburg"]
[Date "2018.07.23"]
[Round "3"]
[White "Dresen, Ulrich"]
[Black "Haase, Wolfgang"]
[Result "1/2-1/2"]
[WhiteElo "2252"]
[BlackElo "2028"]
[PlyCount "81"]
[EventDate "2018.07.21"]
[EventType "swiss"]
[EventRounds "9"]
[EventCountry "GER"]
[SourceTitle "CBM 186 Extra"]
[Source "ChessBase"]
[SourceDate "2018.08.24"]
[SourceVersion "1"]
[SourceVersionDate "2018.08.24"]
[SourceQuality "1"]

1. d4 e6 2. Nf3 c5 3. e3 Nf6 4. Bd3 d5 5. b3 Nc6 6. 0-0 cxd4 7. exd4 Bd6 8. Bb2 0-0 9. Re1 b6 10. a3 Bb7 11. Nbd2 Re8 12. Ne5 Qc7 13. Qf3 Bf8 14. g4 h6 15. h4 Nxe5 16. dxe5 Ne4 17. Nxe4 dxe4 18. Bxe4 Bxe4 19. Qxe4 Rac8 20. c4 Be7 21. h5 Red8 22. Red1 Rd7 23. Kf1 Rcd8 24. Ke2 Bg5 25. Bc3 Rxd1 26. Rxd1 Rxd1 27. Kxd1 Qc5 28. f4 Qg1+ 29. Kc2 Be7 30. f5 Bxa3 31. b4 a5 32. bxa5 bxa5 33. fxe6 fxe6 34. Kb3 Bf8 35. Bxa5 Qd1+ 36. Kb2 Qa4 37. Qa8 Qxc4 38. Bc3 Qxg4 39. Qe8 Qc4 40. Kc2 Qa2+ 41. Kd3 1/2-1/2

[Event "GER-chA Seniors 29th"]
[Site "Berlin"]
[Date "2017.08.14"]
[Round "7"]
[White "Haase, Wolfgang"]
[Black "Krueger, Erich"]
[Result "0-1"]
[WhiteElo "2060"]
[BlackElo "2192"]
[PlyCount "106"]
[EventDate "2017.08.07"]
[EventType "swiss"]
[EventRounds "9"]
[EventCountry "GER"]
[SourceTitle "EXT 2019"]
[Source "ChessBase"]
[SourceDate "2018.10.10"]
[SourceVersion "1"]
[SourceVersionDate "2018.10.10"]
[SourceQuality "1"]

1. e4 c6 2. d4 d5 3. e5 Bf5 4. h4 h5 5. c4 e6 6. Nc3 Nd7 7. Bd3 Bxd3 8. Qxd3 dxc4 9. Qxc4 Nb6 10. Qd3 Qc7 11. Bg5 Ne7 12. Bxe7 Bxe7 13. Nge2 0-0-0 14. 0-0-0 Kb8 15. Kb1 Rd7 16. Qc2 Rhd8 17. g3 g6 18. Ne4 Nd5 19. Rc1 Nb4 20. Qc3 Qa5 21. Qb3 Qa6 22. Qc4 Qa5 23. a3 Qd5 24. Qxd5 cxd5 25. N4c3 Nc6 26. Na4 Rc7 27. b4 b6 28. Rc3 Rdc8 29. Rhc1 Kb7 30. R1c2 Nd8 31. Kb2 Rxc3 32. Rxc3 Rxc3 33. Kxc3 a6 34. Nb2 a5 35. Kb3 Ka6 36. bxa5 Kxa5 37. Nc1 Nc6 38. Ncd3 b5 39. Nd1 Kb6 40. Nc3 Na5+ 41. Ka2 Nc4 42. Nb1 g5 43. hxg5 Bxg5 44. Kb3 h4 45. gxh4 Bxh4 46. Nf4 Bxf2 47. Kc3 Ka5 48. Kd3 Bh4 49. Kc3 Ka4 50. Kd3 Kb3 51. Nd2+ Nxd2 52. Kxd2 Be7 53. Kd3 Bxa3 0-1

[Event "GER-chT Seniors 25th"]
[Site "Magdeburg"]
[Date "2016.10.15"]
[Round "7.18"]
[White "Urytskyy, Arkadiy"]
[Black "Haase, Wolfgang"]
[Result "0-1"]
[WhiteElo "2178"]
[BlackElo "2063"]
[PlyCount "116"]
[EventDate "2016.10.09"]
[EventType "team-swiss"]
[EventRounds "7"]
[EventCountry "GER"]
[SourceTitle "EXT 2019"]
[Source "ChessBase"]
[SourceDate "2018.10.10"]
[SourceVersion "1"]
[SourceVersionDate "2018.10.10"]
[SourceQuality "1"]
[WhiteTeam "Bayern II"]
[BlackTeam "Hessen II"]
[WhiteTeamCountry "GER"]
[BlackTeamCountry "GER"]

1. Nf3 Nf6 2. g3 c5 3. c4 Nc6 4. Bg2 e6 5. 0-0 Be7 6. Nc3 d5 7. cxd5 Nxd5 8. d3 0-0 9. Bd2 Nxc3 10. bxc3 e5 11. Rb1 Qc7 12. Qc2 Bf5 13. Qb3 Rab8 14. Ng5 Na5 15. Qa4 c4 16. Ne4 Rfd8 17. d4 b6 18. Be3 Rbc8 19. Rbd1 Bd7 20. Qc2 exd4 21. cxd4 Bf5 22. Qc1 Qd7 23. Nc3 Nb7 24. Bf4 Nd6 25. e4 Bg4 26. f3 Bh3 27. Bxh3 Qxh3 28. Nd5 Bf8 29. Qd2 Qe6 30. Kg2 Ne8 31. Ne3 c3 32. Qc2 b5 33. d5 Qg6 34. Nf5 Nd6 35. Nd4 b4 36. Nc6 Re8 37. Rfe1 Nc4 38. Rd4 Nb6 39. Rb1 Bc5 40. Rd3 Rxc6 41. dxc6 Qxc6 42. Rbd1 h6 43. Rd8 Kh7 44. Qb3 Rxd8 45. Rxd8 Qf6 46. Rd1 a5 47. Qc2 g6 48. Qd3 Qe6 49. Qb5 Qxa2+ 50. Kh3 Qe6+ 51. g4 Be7 52. Bc7 Nc4 53. Bxa5 Ne3 54. Re1 c2 55. Qd3 Nc4 56. Bc7 Na3 57. Bf4 Qf6 58. Bc1 Qh4+ 0-1

[Event "GER-chT Seniors 25th"]
[Site "Magdeburg"]
[Date "2016.10.09"]
[Round "1.2"]
[White "Haase, Wolfgang"]
[Black "Hassenrueck, Helmut"]
[Result "1/2-1/2"]
[WhiteElo "2063"]
[BlackElo "2215"]
[PlyCount "38"]
[EventDate "2016.10.09"]
[EventType "team-swiss"]
[EventRounds "7"]
[EventCountry "GER"]
[SourceTitle "EXT 2019"]
[Source "ChessBase"]
[SourceDate "2018.10.10"]
[SourceVersion "1"]
[SourceVersionDate "2018.10.10"]
[SourceQuality "1"]
[WhiteTeam "Hessen II"]
[BlackTeam "Nordrhein Westfalen II"]
[WhiteTeamCountry "GER"]
[BlackTeamCountry "GER"]

1. e4 e5 2. Nf3 Nc6 3. d4 exd4 4. Bc4 Bc5 5. c3 Nf6 6. cxd4 Bb4+ 7. Bd2 Nxe4 8. Bxb4 Nxb4 9. Bxf7+ Kxf7 10. Qb3+ d5 11. Qxb4 Rf8 12. 0-0 Kg8 13. Nbd2 a5 14. Qa3 Ra6 15. Rae1 Nxd2 16. Nxd2 Rg6 17. f4 c6 18. Re5 Qb6 19. Nb3 Rgf6 1/2-1/2

[Event "GER-chA Seniors 28th"]
[Site "Niederhausen"]
[Date "2016.08.21"]
[Round "9"]
[White "Selig, Rainer"]
[Black "Haase, Wolfgang"]
[Result "1-0"]
[WhiteElo "2105"]
[BlackElo "2077"]
[PlyCount "59"]
[EventDate "2016.08.13"]
[EventType "swiss"]
[EventRounds "9"]
[EventCountry "GER"]
[SourceTitle "EXT 2019"]
[Source "ChessBase"]
[SourceDate "2018.10.10"]
[SourceVersion "1"]
[SourceVersionDate "2018.10.10"]
[SourceQuality "1"]

1. d4 g6 2. e4 c5 3. Nf3 Bg7 4. c3 Qc7 5. dxc5 Qxc5 6. Be3 Qc7 7. Nbd2 Nc6 8. Be2 Nf6 9. 0-0 0-0 10. h3 d5 11. Qa4 Nxe4 12. Nxe4 dxe4 13. Qxe4 Bf5 14. Qh4 Ne5 15. Nxe5 Bxe5 16. Rfd1 Bf6 17. Qa4 a6 18. Bf3 Rad8 19. Rxd8 Rxd8 20. Rd1 Rxd1+ 21. Qxd1 Bd7 22. Qd5 Be8 23. a4 e6 24. Qc5 Bd8 25. Qd4 e5 26. Qd5 b6 27. Bh6 Bd7 28. Qa8 Qc8 29. Qe4 f5 30. Qxe5 1-0

[Event "GER-chA Seniors 28th"]
[Site "Niederhausen"]
[Date "2016.08.16"]
[Round "4"]
[White "Haase, Wolfgang"]
[Black "Schnell, Franz"]
[Result "1-0"]
[WhiteElo "2077"]
[BlackElo "1719"]
[PlyCount "57"]
[EventDate "2016.08.13"]
[EventType "swiss"]
[EventRounds "9"]
[EventCountry "GER"]
[SourceTitle "EXT 2019"]
[Source "ChessBase"]
[SourceDate "2018.10.10"]
[SourceVersion "1"]
[SourceVersionDate "2018.10.10"]
[SourceQuality "1"]

1. Nf3 d5 2. g3 Nf6 3. Bg2 Nc6 4. d4 Bf5 5. 0-0 e6 6. Nh4 Be4 7. f3 Bg6 8. Bg5 h6 9. Nxg6 fxg6 10. Be3 Bd6 11. Qd3 Ne7 12. c4 c6 13. Bh3 Kf7 14. Nc3 h5 15. Bg5 b6 16. e4 Nh7 17. Bxe7 Qxe7 18. exd5 Ng5 19. dxe6+ Kg8 20. Bg2 h4 21. f4 hxg3 22. fxg5 gxh2+ 23. Kh1 Qxg5 24. Ne4 Qe7 25. Nxd6 Qxd6 26. Qe4 Re8 27. Rae1 g5 28. Qxc6 Qd8 29. Qd7 1-0

[Event "GER-chA Seniors 28th"]
[Site "Niederhausen"]
[Date "2016.08.14"]
[Round "2"]
[White "Haase, Wolfgang"]
[Black "De Lorenzi, Norbert"]
[Result "1-0"]
[WhiteElo "2077"]
[BlackElo "1920"]
[PlyCount "79"]
[EventDate "2016.08.13"]
[EventType "swiss"]
[EventRounds "9"]
[EventCountry "GER"]
[SourceTitle "EXT 2019"]
[Source "ChessBase"]
[SourceDate "2018.10.10"]
[SourceVersion "1"]
[SourceVersionDate "2018.10.10"]
[SourceQuality "1"]

1. Nf3 Nf6 2. c4 c5 3. Nc3 Nc6 4. g3 g6 5. Bg2 Bg7 6. d4 cxd4 7. Nxd4 0-0 8. Nc2 d6 9. e4 Qa5 10. 0-0 Qh5 11. Ne3 Be6 12. Ncd5 Qxd1 13. Rxd1 Bxd5 14. exd5 Ne5 15. f4 Ned7 16. Bd2 Rac8 17. Bc3 Nc5 18. Bd4 b6 19. Rac1 Nfd7 20. Bxg7 Kxg7 21. b4 Nb7 22. Bh3 Rc7 23. Nc2 f5 24. Nd4 Nd8 25. Re1 Nf6 26. Rc2 Re8 27. Bg2 Kf7 28. Re3 h5 29. h3 a6 30. Ra3 e5 31. fxe5 Rxe5 32. Rxa6 Ne4 33. Rxb6 Rd7 34. Kh2 g5 35. Nxf5 Rxf5 36. Bxe4 Re5 37. Rf2+ Kg7 38. Bf5 Rf7 39. Rxd6 Rexf5 40. Rxf5 1-0

[Event "WchT Seniors 65"]
[Site "Radebeul"]
[Date "2016.07.04"]
[Round "9.17"]
[White "Harding, Timothy David"]
[Black "Haase, Wolfgang"]
[Result "1-0"]
[WhiteElo "2001"]
[BlackElo "2144"]
[PlyCount "45"]
[EventDate "2016.06.26"]
[EventType "team-swiss"]
[EventRounds "9"]
[EventCountry "GER"]
[SourceTitle "CBM 173 Extra"]
[Source "ChessBase"]
[SourceDate "2016.08.29"]
[SourceVersion "1"]
[SourceVersionDate "2016.08.29"]
[SourceQuality "1"]
[WhiteTeam "Ireland"]
[BlackTeam "Hessen II"]
[WhiteTeamCountry "IRL"]
[BlackTeamCountry "GER"]

1. e4 c5 2. c3 d5 3. exd5 Qxd5 4. Nf3 Bd7 5. Na3 e6 6. Nb5 Na6 7. d4 c4 8. a4 Nf6 9. Ne5 Rc8 10. Be2 Nc5 11. Nxc4 Nce4 12. Ne3 Qg5 13. Nxa7 Qf4 14. Bf3 Ra8 15. Nc2 Qf5 16. Nb5 Bxb5 17. axb5 Rxa1 18. Nxa1 Qxb5 19. Qe2 Qxe2+ 20. Kxe2 Kd7 21. Nb3 b6 22. Be3 Bd6 23. Kd3 1-0

[Event "WchT Seniors 65"]
[Site "Radebeul"]
[Date "2016.06.29"]
[Round "4.1"]
[White "Haase, Wolfgang"]
[Black "Pamperin, Gerhard"]
[Result "1-0"]
[WhiteElo "2144"]
[BlackElo "1936"]
[PlyCount "105"]
[EventDate "2016.06.26"]
[EventType "team-swiss"]
[EventRounds "9"]
[EventCountry "GER"]
[SourceTitle "CBM 173 Extra"]
[Source "ChessBase"]
[SourceDate "2016.08.29"]
[SourceVersion "1"]
[SourceVersionDate "2016.08.29"]
[SourceQuality "1"]
[WhiteTeam "Hessen II"]
[BlackTeam "Mecklenburg Vorpommern"]
[WhiteTeamCountry "GER"]
[BlackTeamCountry "GER"]

1. Nf3 d5 2. d4 Nf6 3. Bf4 e6 4. e3 c5 5. c3 Nc6 6. Bd3 Bd7 7. Nbd2 Be7 8. h3 Rc8 9. 0-0 0-0 10. dxc5 Bxc5 11. e4 dxe4 12. Nxe4 Be7 13. Qe2 Qa5 14. Rfd1 Rfd8 15. b4 Qb6 16. Nd6 Bxd6 17. Bxd6 Be8 18. Bg3 Ne7 19. c4 Bc6 20. a3 Bxf3 21. Qxf3 Ng6 22. Ra2 Rd7 23. Rad2 Qd8 24. Qe3 a6 25. h4 Qe7 26. Qg5 h6 27. Qe3 Nf8 28. Bf4 Rcd8 29. Qe2 N8h7 30. g4 g5 31. Be3 Qe8 32. Bb6 Rc8 33. Qf3 Kg7 34. h5 Nf8 35. Qe2 Rc6 36. Bc5 Qd8 37. Bc2 Rxd2 38. Rxd2 Qb8 39. Ba4 Rc8 40. Bd6 Qa8 41. Be5 Rd8 42. Qf3 N8h7 43. Qc3 Rxd2 44. Qxd2 Kg8 45. Qd4 Ne8 46. Bc2 Qc8 47. Be4 Nf8 48. c5 Nd7 49. Bg3 Ndf6 50. Bg2 e5 51. Bxe5 Qxg4 52. Bxf6 Nxf6 53. Qxg4 1-0

[Event "WchT Seniors 65"]
[Site "Radebeul"]
[Date "2016.06.28"]
[Round "3.1"]
[White "Schmidt, Gerhard"]
[Black "Haase, Wolfgang"]
[Result "1-0"]
[WhiteElo "2077"]
[BlackElo "2144"]
[PlyCount "149"]
[EventDate "2016.06.26"]
[EventType "team-swiss"]
[EventRounds "9"]
[EventCountry "GER"]
[SourceTitle "CBM 173 Extra"]
[Source "ChessBase"]
[SourceDate "2016.08.29"]
[SourceVersion "1"]
[SourceVersionDate "2016.08.29"]
[SourceQuality "1"]
[WhiteTeam "Saxone"]
[BlackTeam "Hessen II"]
[WhiteTeamCountry "GER"]
[BlackTeamCountry "GER"]

1. e4 g6 2. g3 Bg7 3. Bg2 c5 4. Nf3 Nc6 5. 0-0 d6 6. Nc3 e6 7. d3 Nge7 8. Ne2 e5 9. c3 d5 10. d4 exd4 11. exd5 Nxd5 12. cxd4 c4 13. Nc3 Nxc3 14. bxc3 0-0 15. Qa4 Be6 16. Qb5 Qd5 17. Rb1 Rfd8 18. Ng5 Qxb5 19. Rxb5 Bc8 20. Bd5 Rd7 21. Re1 Bf6 22. Bxc4 Kg7 23. Bf1 h6 24. Nf3 a6 25. Rb6 Bd8 26. Rb2 Ba5 27. Bd2 b5 28. Bg2 Bb7 29. Ne5 Nxe5 30. Bxb7 Rxb7 31. Rxe5 Rc8 32. Rb3 Bd8 33. Rd5 Be7 34. a4 Rcb8 35. axb5 Rxb5 36. Rbxb5 Rxb5 37. Rxb5 axb5 38. Kg2 h5 39. Kf3 Kf6 40. Ke4 Ke6 41. d5+ Kd6 42. c4 f5+ 43. Kd4 Bf6+ 44. Kd3 bxc4+ 45. Kxc4 Kd7 46. Bc3 Be7 47. Be5 Ba3 48. f3 Bc1 49. h3 Ba3 50. Bf4 Bb2 51. Bd2 Be5 52. g4 hxg4 53. hxg4 fxg4 54. fxg4 Bg7 55. Kd3 Bf6 56. Ke4 Kd6 57. Bf4+ Kd7 58. Be5 Bg5 59. Bg7 Bd2 60. Bb2 Bh6 61. Bf6 Bd2 62. Bb2 Bh6 63. Ba3 Bd2 64. Bf8 Ke8 65. Bc5 Kf7 66. Ke5 Bc3+ 67. Kd6 Kf6 68. Be3 Bb4+ 69. Kc6 Ke5 70. Bc1 Bf8 71. g5 Be7 72. Bb2+ Kf5 73. Bf6 Bxf6 74. gxf6 Kxf6 75. d6 1-0

[Event "WchT Seniors 65"]
[Site "Radebeul"]
[Date "2016.06.27"]
[Round "2.1"]
[White "Haase, Wolfgang"]
[Black "Rahls, Peter"]
[Result "1/2-1/2"]
[WhiteElo "2144"]
[BlackElo "2160"]
[PlyCount "107"]
[EventDate "2016.06.26"]
[EventType "team-swiss"]
[EventRounds "9"]
[EventCountry "GER"]
[SourceTitle "CBM 173 Extra"]
[Source "ChessBase"]
[SourceDate "2016.08.29"]
[SourceVersion "1"]
[SourceVersionDate "2016.08.29"]
[SourceQuality "1"]
[WhiteTeam "Hessen II"]
[BlackTeam "Berlin"]
[WhiteTeamCountry "GER"]
[BlackTeamCountry "GER"]

1. Nf3 c5 2. c4 Nc6 3. Nc3 g6 4. g3 Bg7 5. Bg2 e6 6. e3 Nge7 7. d4 cxd4 8. exd4 d5 9. cxd5 Nxd5 10. 0-0 0-0 11. Nxd5 exd5 12. Be3 Bg4 13. h3 Bxf3 14. Qxf3 Qb6 15. Qxd5 Rfd8 16. Qc5 Bxd4 17. Qxb6 axb6 18. Bxd4 Rxd4 19. Rfc1 Rd2 20. Bxc6 bxc6 21. b4 Rb2 22. a3 Kg7 23. Rxc6 b5 24. Rb6 f5 25. Rxb5 Rd8 26. Re5 Rdd2 27. Rf1 Rd3 28. Re3 Rxe3 29. fxe3 Rb3 30. Kf2 Rxa3 31. Rb1 Ra6 32. b5 Rb6 33. Ke2 Kf6 34. Kd3 Ke5 35. Kc4 Rb8 36. b6 Ke4 37. b7 Kxe3 38. Kd5 Kf3 39. Rb3+ Kg2 40. Ke5 Kxh3 41. Kf4 Kg2 42. Kg5 Kf2 43. Kf4 Kg2 44. Rb2+ Kh3 45. Rb6 Kg2 46. Rb3 Kf2 47. Rb2+ Ke1 48. Kg5 Kf1 49. Kh6 Ke1 50. Kxh7 g5 51. Kg6 f4 52. Rb3 fxg3 53. Rxg3 Rxb7 54. Rxg5 1/2-1/2

[Event "Hessen-ch Seniors op 12th"]
[Site "Bad Sooden-Allendorf"]
[Date "2016.05.08"]
[Round "8"]
[White "Haase, Wolfgang"]
[Black "Baum, Bernd"]
[Result "1/2-1/2"]
[WhiteElo "2127"]
[BlackElo "2242"]
[PlyCount "60"]
[EventDate "2016.04.30"]
[EventType "swiss"]
[EventRounds "9"]
[EventCountry "GER"]
[SourceTitle "EXT 2019"]
[Source "ChessBase"]
[SourceDate "2018.10.10"]
[SourceVersion "1"]
[SourceVersionDate "2018.10.10"]
[SourceQuality "1"]

1. e4 e6 2. d4 d5 3. Nc3 Nf6 4. Bg5 dxe4 5. Nxe4 Nbd7 6. Nf3 h6 7. Bxf6 Nxf6 8. Bd3 Be7 9. 0-0 0-0 10. Qe2 Nd5 11. g3 b6 12. a3 Bb7 13. c4 Nf6 14. Rfd1 Qc8 15. Nxf6+ Bxf6 16. Be4 Rd8 17. Rd2 c5 18. Bxb7 Qxb7 19. Rad1 Rac8 20. b3 Qc7 21. d5 exd5 22. Rxd5 Qb8 23. R1d3 Re8 24. Re3 Rxe3 25. Qxe3 Re8 26. Qd3 Qc8 27. Kg2 g6 28. Rd7 Rd8 29. Rxd8+ Bxd8 30. Qd5 Bf6 1/2-1/2

[Event "GER-chT Seniors 24th"]
[Site "Berlin"]
[Date "2015.09.12"]
[Round "7.2"]
[White "Haase, Wolfgang"]
[Black "Just, Joachim"]
[Result "1-0"]
[WhiteElo "2133"]
[BlackElo "1969"]
[PlyCount "81"]
[EventDate "2015.09.06"]
[EventType "team-swiss"]
[EventRounds "7"]
[EventCountry "GER"]
[SourceTitle "EXT 2018"]
[Source "ChessBase"]
[SourceDate "2017.10.13"]
[SourceVersion "1"]
[SourceVersionDate "2017.10.13"]
[SourceQuality "1"]

1. c4 Nf6 2. Nf3 c6 3. g3 g6 4. Nc3 Bg7 5. e4 d6 6. d4 Bg4 7. h3 Bxf3 8. Qxf3 e5 9. Be3 Qa5 10. Bd3 Nbd7 11. d5 Nc5 12. Bd2 Nxd3+ 13. Qxd3 Qc7 14. 0-0 Qd7 15. Kh2 h5 16. Bg5 Nh7 17. Be3 0-0 18. dxc6 bxc6 19. Rad1 Rad8 20. c5 f5 21. Qxd6 Qxd6 22. Rxd6 f4 23. gxf4 Rxd6 24. cxd6 exf4 25. Bxa7 Be5 26. Rd1 f3+ 27. Kh1 Nf6 28. Rd3 Bxc3 29. bxc3 Nxe4 30. d7 c5 31. Bxc5 Nxc5 32. d8Q Rxd8 33. Rxd8+ Kf7 34. Rd4 g5 35. a4 Ke6 36. a5 Ke5 37. Kg1 Na6 38. Rd3 g4 39. hxg4 hxg4 40. Rd4 Kf5 41. Rd6 1-0

[Event "GER-chT Seniors 24th"]
[Site "Berlin"]
[Date "2015.09.10"]
[Round "5.2"]
[White "Haase, Wolfgang"]
[Black "Boehm, Erwin"]
[Result "1/2-1/2"]
[WhiteElo "2133"]
[BlackElo "2172"]
[PlyCount "63"]
[EventDate "2015.09.06"]
[EventType "team-swiss"]
[EventRounds "7"]
[EventCountry "GER"]
[SourceTitle "EXT 2018"]
[Source "ChessBase"]
[SourceDate "2017.10.13"]
[SourceVersion "1"]
[SourceVersionDate "2017.10.13"]
[SourceQuality "1"]
[WhiteTeam "Hessen Seniors II"]
[BlackTeam "Sachsen Seniors"]
[WhiteTeamCountry "GER"]
[BlackTeamCountry "GER"]

1. d4 g6 2. Nf3 Bg7 3. g3 d6 4. Bg2 c5 5. c3 Qb6 6. 0-0 Nf6 7. Nbd2 cxd4 8. Nxd4 0-0 9. e4 a6 10. a4 Nc6 11. N2b3 Nxd4 12. Nxd4 Bd7 13. h3 Rac8 14. a5 Qc7 15. Be3 e5 16. Nc2 Bc6 17. Bb6 Qd7 18. Re1 d5 19. Nb4 Nxe4 20. Bxe4 dxe4 21. Nxc6 Qxc6 22. Qb3 Bf6 23. Ra4 Bd8 24. Rexe4 Bxb6 25. axb6 Rcd8 26. Rxe5 Rd6 27. Ree4 Qc5 28. Rac4 Qa5 29. Qb4 Qxb6 30. Qxb6 Rxb6 31. f4 Rf6 32. Rc7 1/2-1/2